Vznik a rozvoj coworkingového centra bakalárska práca

Saved in:
Bibliographic Details
Main Author: Marko, Andrej
Corporate Author: Fakulta podnikového manažmentu EU. Katedra manažmentu
Other Authors: Skorková, Zuzana, 1979-
Format: Book
Language:Slovak
Published: Bratislava 2018
Tags: Add Tag
No Tags, Be the first to tag this record!

MARC

LEADER 00000nbm a2200000 4500
001 0244848
005 20180918144522.0
041 0 |a slo 
044 |a SK 
245 1 0 |a Vznik a rozvoj coworkingového centra  |b bakalárska práca  |c Andrej Marko ; školiteľ: Zuzana Skorková 
264 1 |a Bratislava  |c 2018 
300 |a 54 s. 
100 1 |a Marko, Andrej 
700 1 |a Skorková, Zuzana, 1979- 
710 2 |a Fakulta podnikového manažmentu EU. Katedra manažmentu